00511nam a2200193 a 4500001001300000003000900013005001700022008004100039020000800080082001300088100002000101245007500121260003500196300000800231500003500239505001000274650001300284700002000297nice12345678IN_TiNIC20260116012347.0050524s1968 bira grp 000 0 eng  ac300a230bGOO aGoodall, Norman aI Believe in Wordsb Being the Fifteenth Joseph Smith Memorial Lecture aBirminghambBerean Pressc1968 a13p aincludes index and biblioraphy2 aIndex aTheology1 aGoodall, Norman